Miasta i wsie w Polsce i seriale - Statystyki

Ogólne statystyki
  • Ten quiz został rozwiązany 154 razy
  • Średni wynik to 8 z 15
Statystyki odpowiedzi
Serial Miejscowość % Poprawnych
13 posterunek Warszawa
91%
Ojciec Mateusz Sandomierz
90%
Szpital Kraków
83%
Szkoła Kraków
83%
Pierwsza miłość Wrocław
79%
Komisarz Alex Łódź
65%
Ranczo Jeruzal
55%
U Pana Boga w ogródku Białystok
43%
Odwilż Szczecin
40%
M jak miłość Grabina
35%
Czterej pancerni i pies Bydgoszcz
32%
Prawo Agaty Gdynia
31%
Klangor Świnoujście
11%
Diagnoza Rybnik
8%
Klan Kazuń Polski
5%
Nie znaleziono quizów pasujących do podanych kryteriów
Rozkład punktacji
Procent ludzi z każdym wynikiem
Percentyl według liczby udzielonych odpowiedzi
Twoja historia wyników
Nie rozwiązałeś tego quizu